K METABOLIZMU KYSELINY GAMA-AMÍNOMASLOVEJ V MOZGU

Bibliographic Details
Main Author: Turský, Timotej (Author)
Format: Article
Language:Slovak

MARC

LEADER 00000nab a2200000uu 4500
001 vtls011443141
003 SK-MaSNL
005 20260303123332.0
008 230213|1957 xo |||||||||||||||||slo|
015 |a SNBRB 
035 |a (urnnbn)urn:nbn:sk:snk:ar-0036cv 
035 |a (uuid)da817c39-dc74-4cd8-8351-6230e2f27454 
035 |a urn:nbn:sk:snk-abcgzw 
040 |a SNKBUCL  |b slo  |c SNKBUCL  |e AACR2 
041 0 |a slo 
044 |a xo  |c SK 
100 1 |a Turský, Timotej  |4 aut  |9 589432 
245 1 0 |a K METABOLIZMU KYSELINY GAMA-AMÍNOMASLOVEJ V MOZGU  |c Timotej Turský 
773 0 |t Biológia : časopis Slovenskej akadémie vied  |g Roč. 12, č. 2 (1957), s. 118-124 
954 |a odborná, vedecká literatúra pôvodná (slovenská)  |2 lita 
958 |a OND 
958 |a EUIPO 
958 |a article16 
999 |c 1925321  |d 1927251